Staffordshire CC v Challinor and another (Record no. 79168)
[ view plain ]
| 000 -LEADER | |
|---|---|
| fixed length control field | 01731cad a22001935a 4500 |
| 001 - CONTROL NUMBER | |
| control field | L140048 |
| 008 - FIXED-LENGTH DATA ELEMENTS--GENERAL INFORMATION | |
| fixed length control field | 070831e20070817xxk f w 000 0 eng d |
| 035 ## - SYSTEM CONTROL NUMBER | |
| System control number | (Sirsi) u140048 |
| 041 0# - LANGUAGE CODE | |
| Language code of text/sound track or separate title | eng |
| 245 00 - TITLE STATEMENT | |
| Title | Staffordshire CC v Challinor and another |
| Medium | [electronic resource] |
| 260 ## - PUBLICATION, DISTRIBUTION, ETC. | |
| Date of publication, distribution, etc. | 2007 |
| 520 ## - SUMMARY, ETC. | |
| Summary, etc. | [2007] EWCA Civ 864, 21 June 2007. The appellant local authority (S) appealed against failure of its attempts to stop a breach of planning control, and to recover costs from the respondent (C). C owned land of around two hectares. Within this, an area of half a hectare had permitted use as an area for storage of materials from a plant contractor for recycling. S had refused to allow permission for a part of the rest of the land to be used for the importation, sorting and handling of the waste. S obtained a notice to this effect, but failed at first to obtain an injunction enforcing it. Upon the granting a temporary injunction, S argued that the certificate could remove lawful use rights. "Held": The enforcement notice superseded C's lawful use certificate, which applied only to a given point in time. The inspector upholding the enforcement notice could have varied it to give precedence to the lawful use certificate, but saw no cause to do so. C's non-compliance had been absolute prior to the temporary injunction, and remained partial afterwards. S was therefore entitled to a permanent injunction. Appeal allowed. |
| 590 ## - LOCAL NOTE (RLIN) | |
| Local note | KA |
| 650 24 - SUBJECT ADDED ENTRY--TOPICAL TERM | |
| Topical term or geographic name entry element | STAFFORDSHIRE CC V CHALLINOR |
| 651 #4 - SUBJECT ADDED ENTRY--GEOGRAPHIC NAME | |
| Geographic name | England and Wales |
| Chronological subdivision | 1543- |
| 690 ## - LOCAL SUBJECT ADDED ENTRY--TOPICAL TERM (OCLC, RLIN) | |
| Topical term or geographic name as entry element | PROPERTY-RURAL AND NATURAL ASSETS-LAND |
| 856 40 - ELECTRONIC LOCATION AND ACCESS | |
| Uniform Resource Identifier | <a href="https://www.bailii.org/ew/cases/EWCA/Civ/2007/864.html">https://www.bailii.org/ew/cases/EWCA/Civ/2007/864.html</a> |
| Public note | View the judgment free of charge at www.bailii.org... |
| 942 ## - ADDED ENTRY ELEMENTS (KOHA) | |
| Suppress in OPAC | 0 |
| Withdrawn status | Lost status | Source of classification or shelving scheme | Damaged status | Not for loan | Home library | Current library | Shelving location | Date acquired | Total Checkouts | Full call number | Barcode | Date last seen | Copy number | Price effective from | Koha item type |
|---|---|---|---|---|---|---|---|---|---|---|---|---|---|---|---|
| Dewey Decimal Classification | Virtual | Virtual | Online | 31/08/2007 | ONLINE PUBLICATION | 140048-1001 | 06/08/2019 | 1 | 06/08/2019 | Law report |